[Event "AUTO-MASTER-3179"]
[Site "http://www.queenalice.com/game.php?id=1828305"]
[Date "2024.1.1"]
[Round "2"]
[White "dave_j"]
[Black "sexybunnyisatroll"]
[Result "0-1"]
[WhiteElo "2024"]
[BlackElo "2501"]

1. d4 Nf6 2. Nf3 d5 3. Bf4 c5 4. e3 Nc6 5. c3 Qb6 6. Qb3 c4 7. Qxb6 axb6 8. Be2
Bf5 9. Nbd2 b5 10. O-O e6 11. a3 h6 12. h3 Nd7 13. g4 Bh7 14. Rfe1 Nb6 15. Bd1
b4 16. cxb4 Nxb4 17. e4 Nd3 18. Re3 Nxf4 19. Nh4 Bb4 20. Ndf3 dxe4 21. Nh2 Nd3
22. Rb1 Be7 23. Ng2 Bf6 0-1

[Event "AUTO-MASTER-3179"]
[Site "http://www.queenalice.com/game.php?id=1828309"]
[Date "2024.1.1"]
[Round "2"]
[White "stoyan1"]
[Black "sexybunnyisatroll"]
[Result "0-1"]
[WhiteElo "2044"]
[BlackElo "2518"]

1. e4 c5 2. Nf3 d6 3. c3 Nf6 4. Qc2 Qc7 5. d4 cxd4 6. Nxd4 g6 7. Bb5+ Nbd7 8.
O-O a6 9. Bd3 Bg7 10. Nf3 O-O 11. Bf4 e5 12. Be3 d5 13. exd5 Nxd5 14. Nbd2 Nxe3
15. fxe3 Bh6 16. Rae1 Nf6 17. Nc4 e4 18. Bxe4 Qxc4 19. Bd3 Qc5 20. b4 Qc7 21. c4
Ng4 22. Qd2 Be6 23. h3 Ne5 24. Nxe5 Qxe5 25. Qe2 Rad8 26. a4 Qc3 27. Rd1 Qxb4
28. Rb1 Qc3 29. Rfd1 Rd7 30. Rbc1 Qe5 31. Re1 Rfd8 32. Rcd1 Qg3 33. Kh1 Rxd3 34.
Rxd3 Rxd3 35. Rd1 Rxd1+ 0-1

[Event "AUTO-MASTER-3179"]
[Site "http://www.queenalice.com/game.php?id=1828310"]
[Date "2024.1.1"]
[Round "2"]
[White "sexybunnyisatroll"]
[Black "stoyan1"]
[Result "1-0"]
[WhiteElo "2502"]
[BlackElo "2017"]

1. e4 e5 2. Nf3 d6 3. d4 exd4 4. Nxd4 Nc6 5. Nc3 Nxd4 6. Qxd4 Be7 7. Qxg7 Bf6 8.
Qg3 Ne7 9. Bg5 Rg8 10. Bxf6 Rxg3 11. hxg3 Qd7 12. Rxh7 Qe6 13. e5 Ng8 14. Rh8
Kf8 15. O-O-O Bd7 16. Bd3 dxe5 17. Bh7 Qxf6 18. Rxg8+ Ke7 19. Nd5+ Ke6 20. Nxc7+
Ke7 21. Nd5+ 1-0

[Event "AUTO-OPEN-4464"]
[Site "http://www.queenalice.com/game.php?id=1831712"]
[Date "2024.2.16"]
[Round "2"]
[White "sexybunnyisatroll"]
[Black "Scharlatan"]
[Result "1-0"]
[WhiteElo "2535"]
[BlackElo "2093"]

1. e4 e6 2. d4 d5 3. Nc3 dxe4 4. Nxe4 Bd7 5. Nf3 Bc6 6. Bd3 Nd7 7. O-O Ngf6 8.
Ng3 Be7 9. Qe2 Bxf3 10. Qxf3 O-O 11. Qxb7 Nb6 12. Rd1 h5 13. c4 h4 14. Ne2 Qd6
15. c5 Qd5 16. Qxc7 1-0

[Event "AUTO-OPEN-4464"]
[Site "http://www.queenalice.com/game.php?id=1831713"]
[Date "2024.2.16"]
[Round "2"]
[White "Scharlatan"]
[Black "sexybunnyisatroll"]
[Result "0-1"]
[WhiteElo "2097"]
[BlackElo "2536"]

1. d4 Nf6 2. Nf3 d5 3. g3 c5 4. Bg2 cxd4 5. Nxd4 e5 6. Nb3 a5 7. O-O a4 8. N3d2
Nc6 9. c4 d4 10. Ne4 Nxe4 11. Bxe4 Be7 12. e3 h5 13. exd4 Bg4 14. Bxc6+ bxc6 15.
Qc2 exd4 16. f3 Bh3 17. Re1 O-O 18. Qe4 Re8 19. Qxc6 d3 20. Bd2 Qd4+ 21. Be3 Bc5
22. Qxc5 Qxc5 23. Bxc5 Rxe1+ 0-1

[Event "AUTO-ELITE-2492"]
[Site "http://www.queenalice.com/game.php?id=1835326"]
[Date "2024.4.18"]
[Round "2"]
[White "trompmaster"]
[Black "sexybunnyisatroll"]
[Result "0-1"]
[WhiteElo "2406"]
[BlackElo "2529"]

1. Nf3 d5 2. c4 e6 3. g3 Nf6 4. Bg2 Be7 5. O-O O-O 6. b3 d4 7. d3 Nc6 8. e3 dxe3
9. fxe3 e5 10. Nc3 Bg4 11. h3 Bxf3 12. Bxf3 Qd7 13. Kh2 Rad8 14. Nd5 Qd6 15. Bb2
Nxd5 16. cxd5 Nb4 17. e4 c6 18. a3 Na6 19. Bg2 cxd5 20. exd5 Nc7 21. d4 e4 22.
Bxe4 Nxd5 23. Qe2 g6 24. Rae1 Bg5 25. Qd3 h5 26. Bg2 Bh6 27. Re5 Nc7 28. Re2 h4
29. Re4 Rde8 30. Rxe8 Rxe8 31. d5 hxg3+ 32. Kh1 Bg7 33. Bxg7 Kxg7 34. Qd4+ Kg8
35. Qxa7 b6 36. Qa4 Re3 37. Qc6 Ne8 38. b4 Qe5 39. a4 Nd6 40. Qxb6 Re2 41. Qb8+
Kg7 42. Qc7 Ra2 43. Qc1 Ne4 44. Qf4 Qxf4 45. Rxf4 Nf2+ 46. Kg1 Ra1+ 47. Bf1
Nxh3+ 0-1

[Event "AUTO-ELITE-2492"]
[Site "http://www.queenalice.com/game.php?id=1835327"]
[Date "2024.4.18"]
[Round "2"]
[White "sexybunnyisatroll"]
[Black "trompmaster"]
[Result "1-0"]
[WhiteElo "2535"]
[BlackElo "2392"]

1. d4 d6 2. e4 Nf6 3. Nc3 e5 4. Nf3 Nbd7 5. Bc4 Be7 6. O-O c6 7. a4 Qc7 8. Re1
O-O 9. h3 b6 10. Ba2 a6 11. Nh4 g6 12. Bh6 Re8 13. dxe5 dxe5 14. Qf3 Nc5 15. Nf5
Bf8 16. Bg5 Nh5 17. Nh6+ Bxh6 18. Bxh6 a5 19. Ne2 Ng7 20. Ng3 Qe7 21. Qc3 Bb7
22. f4 Nxa4 23. Qd2 exf4 24. Rf1 Nc5 25. Rxf4 Nge6 26. Qc3 Na4 27. Qf3 Nxf4 28.
Qxf4 Nc5 29. Nf5 Qd7 30. Nd6 Ne6 31. Qe5 Ba6 32. Rd1 Qe7 33. Rd2 c5 34. Bd5 f6
35. Qg3 c4 36. e5 c3 37. Qxc3 f5 38. Qc6 a4 39. Kh2 Red8 40. Qxa4 Kh8 41. Qb3
Nd4 42. Rxd4 Qxe5+ 43. Bf4 Qxd4 44. Nf7+ Kg8 45. Nxd8+ Kh8 46. Ne6 1-0

[Event "AUTO-ELITE-2492"]
[Site "http://www.queenalice.com/game.php?id=1835328"]
[Date "2024.4.18"]
[Round "2"]
[White "Sexxy_Bunny"]
[Black "sexybunnyisatroll"]
[Result "1-0"]
[WhiteElo "2705"]
[BlackElo "2537"]

1. e4 c6 2. d4 d5 3. e5 Bf5 4. Nf3 e6 5. Be2 Nd7 6. O-O h6 7. Nbd2 Ne7 8. Nb3 g5
9. Ne1 Qc7 10. Nd3 Ng6 11. Be3 O-O-O 12. Bg4 Be4 13. Bh5 f6 14. exf6 Nh4 15. g3
Nxf6 16. gxh4 Bd6 17. Ne5 gxh4 18. f3 Bf5 19. Bg4 Bxe5 20. dxe5 Nxg4 21. fxg4
Bxg4 22. Qd4 b6 23. Rf4 1-0

[Event "AUTO-ELITE-2492"]
[Site "http://www.queenalice.com/game.php?id=1835329"]
[Date "2024.4.18"]
[Round "2"]
[White "sexybunnyisatroll"]
[Black "Sexxy_Bunny"]
[Result "0-1"]
[WhiteElo "2528"]
[BlackElo "2714"]

1. e4 c5 2. Nf3 d6 3. d4 cxd4 4. Nxd4 Nf6 5. Nc3 a6 6. f3 e5 7. Nb3 Be6 8. Be3
h5 9. Nd5 Bxd5 10. exd5 Nbd7 11. Qd2 g6 12. O-O-O Nb6 13. Kb1 Nbxd5 14. Bg5 Be7
15. Bd3 Qc7 16. Rhe1 Nb6 17. Qf2 Rc8 18. c3 O-O 19. h4 d5 20. g4 Na4 21. Qd2
Rfe8 0-1

[Event "AUTO-ELITE-2510"]
[Site "http://www.queenalice.com/game.php?id=1836752"]
[Date "2024.5.12"]
[Round "2"]
[White "sexybunnyisatroll"]
[Black "Sexxy_Bunny"]
[Result "0-1"]
[WhiteElo "2524"]
[BlackElo "2718"]

1. e4 c5 2. Nf3 d6 3. d4 cxd4 4. Nxd4 Nf6 5. Nc3 a6 6. h3 e5 7. Nb3 Be6 8. f4 g6
9. Be2 Nbd7 10. O-O Rc8 11. Be3 Be7 12. Qe1 exf4 13. Bxf4 O-O 14. Rd1 Re8 15.
Kh1 Qc7 0-1

[Event "AUTO-ELITE-2510"]
[Site "http://www.queenalice.com/game.php?id=1836753"]
[Date "2024.5.12"]
[Round "2"]
[White "Sexxy_Bunny"]
[Black "sexybunnyisatroll"]
[Result "1-0"]
[WhiteElo "2710"]
[BlackElo "2532"]

1. e4 c6 2. d4 d5 3. e5 Bf5 4. Nf3 e6 5. Be2 Nd7 6. O-O h6 7. Nbd2 Ne7 8. Nb3 g5
9. Ne1 Qc7 10. Nd3 Ng6 11. Be3 O-O-O 12. Bg4 Be4 13. Bh5 f6 14. exf6 Nh4 15. g3
Nxf6 16. gxh4 1-0

[Event "AUTO-ELITE-2509"]
[Site "http://www.queenalice.com/game.php?id=1838535"]
[Date "2024.6.13"]
[Round "2"]
[White "sexybunnyisatroll"]
[Black "danielglowinski"]
[Result "1-0"]
[WhiteElo "2551"]
[BlackElo "2489"]

1. e4 e5 2. Nf3 Nc6 3. Bb5 a6 4. Ba4 Nf6 5. O-O b5 6. Bb3 Be7 7. d4 d6 8. c3 O-O
9. Nbd2 Bb7 10. Re1 h6 11. Nf1 Qd7 12. Ng3 Rfe8 13. Bc2 exd4 14. cxd4 a5 15. Bd2
Nb4 16. Bb1 c5 17. d5 c4 18. a3 Na6 19. Bxa5 Nc5 20. Bc3 Na4 21. Bd4 Nc5 22. Bc2
Bd8 23. h3 Ra6 24. Bc3 Bc8 25. Qd2 Rf8 26. Rad1 Qb7 27. Nd4 Re8 28. Nc6 Qc7 29.
Nxd8 Qxd8 30. f4 Bb7 31. Qf2 g6 32. Re2 Ncd7 33. Rde1 Rf8 34. Nf1 Re8 35. Nh2
Qb6 36. Bd4 Qd8 37. Re3 Bc8 38. Bc3 Qe7 39. Qd2 Bb7 40. Qd4 Kg7 41. Ng4 Rb8 42.
Nxf6 Nxf6 43. h4 b4 44. axb4 Rba8 45. h5 Ra1 46. hxg6 fxg6 47. Bb1 1-0

[Event "AUTO-ELITE-2509"]
[Site "http://www.queenalice.com/game.php?id=1838536"]
[Date "2024.6.13"]
[Round "2"]
[White "danielglowinski"]
[Black "sexybunnyisatroll"]
[Result "0-1"]
[WhiteElo "2482"]
[BlackElo "2558"]

1. e4 c5 2. Nf3 d6 3. d4 cxd4 4. Nxd4 Nf6 5. Nc3 a6 6. Be3 e5 7. Nf3 Be7 8. Be2
O-O 9. O-O Be6 10. Ng5 Bd7 11. Nf3 Bc6 12. Qd3 b5 13. b4 Nbd7 14. a4 bxa4 15.
Nd2 Qc7 16. Nd5 Bxd5 17. exd5 a5 18. b5 Nc5 19. Bxc5 Qxc5 20. c4 Bd8 21. Rxa4
Qa7 22. Nb3 Nd7 23. Bg4 Nc5 24. Nxc5 Qxc5 25. Re1 Bb6 26. Ra2 Ra7 27. Rf1 a4 28.
Ra3 g6 29. Be2 f5 30. Qc3 Qd4 31. Qc2 Rfa8 32. Qa2 e4 33. Qa1 Kg7 34. h4 Qxa1
35. Rfxa1 Bc5 36. Rh3 a3 37. Ra2 Ra4 38. Rb3 Kf6 39. Kf1 Rb4 40. Rxb4 Bxb4 41.
Bd1 Ke5 42. Bb3 Bc5 43. Rc2 h6 44. Ke1 g5 45. h5 g4 46. g3 f4 47. gxf4+ Kxf4 0-1

[Event "AUTO-ELITE-2509"]
[Site "http://www.queenalice.com/game.php?id=1838537"]
[Date "2024.6.13"]
[Round "2"]
[White "sexybunnyisatroll"]
[Black "raulzampronha"]
[Result "1-0"]
[WhiteElo "2525"]
[BlackElo "2332"]

1. e4 c5 2. Nf3 e6 3. d4 cxd4 4. Nxd4 Nf6 5. Nc3 d6 6. g4 h6 7. Rg1 Nc6 8. Be3
d5 9. Bb5 Bd7 10. exd5 exd5 11. Qe2 Bb4 12. Nxc6 Bxc6 13. O-O-O Bxc3 14. bxc3
O-O 15. g5 hxg5 16. Bd3 Qa5 17. Bd4 Ne4 18. Kb2 Rfe8 19. Qh5 Re6 20. Bxe4 dxe4
21. Rxg5 1-0

[Event "AUTO-ELITE-2509"]
[Site "http://www.queenalice.com/game.php?id=1838538"]
[Date "2024.6.13"]
[Round "2"]
[White "raulzampronha"]
[Black "sexybunnyisatroll"]
[Result "0-1"]
[WhiteElo "2351"]
[BlackElo "2520"]

1. d4 Nf6 2. c4 e6 3. Nf3 d5 4. g3 Bb4+ 5. Bd2 Be7 6. Bg2 O-O 7. O-O c6 8. Qc2
Nbd7 9. Bf4 b6 10. Rd1 Bb7 11. Nc3 dxc4 12. Ne5 Nxe5 13. dxe5 Nd5 14. e4 Nb4 15.
Rxd8 Nxc2 16. Rxf8+ Kxf8 17. Rd1 Rd8 0-1

[Event "AUTO-OPEN-4464"]
[Site "http://www.queenalice.com/game.php?id=1842248"]
[Date "2024.8.21"]
[Round "3"]
[White "sexybunnyisatroll"]
[Black "delphicoracle"]
[Result "1-0"]
[WhiteElo "2540"]
[BlackElo "2703"]

1. e4 e5 2. Nf3 Nc6 3. Bb5 a6 4. Ba4 Nf6 5. O-O Nxe4 6. d4 b5 7. Bb3 d5 8. dxe5
Be6 9. c3 Bc5 10. Nbd2 O-O 11. Bc2 Nxf2 12. Rxf2 f6 13. Nf1 Bxf2+ 14. Kxf2 fxe5
15. Kg1 Qd6 16. Be3 Rad8 17. Qe1 Bf5 18. Bb3 Na5 19. Qf2 Nxb3 20. axb3 Rfe8 21.
Bc5 Qc6 22. b4 Qf6 23. Re1 Be4 24. N1d2 Bxf3 25. Nxf3 e4 26. Nd4 Qxf2+ 27. Kxf2
Rd7 28. Ke3 Rf7 29. g4 h6 30. h4 Kh7 31. Ra1 Rf6 32. g5 Rg6 33. Rh1 hxg5 34.
hxg5+ Kg8 35. Rg1 Kf7 36. Ne2 Re5 37. Kf4 Re8 38. Kg4 Rd8 39. Rf1+ Kg8 40. Rf5
Re6 41. Nf4 g6 42. Nxe6 gxf5+ 43. Kxf5 Rd7 44. g6 c6 45. Kf6 Kh8 46. Ng5 Kg8 47.
Nf7 e3 48. Bxe3 d4 49. Bxd4 Rc7 50. Bc5 Rc8 51. Nh6+ Kh8 52. Bd4 c5 53. bxc5
Rc6+ 54. Kf5+ Rf6+ 55. Bxf6# 1-0

[Event "AUTO-OPEN-4464"]
[Site "http://www.queenalice.com/game.php?id=1842249"]
[Date "2024.8.21"]
[Round "3"]
[White "delphicoracle"]
[Black "sexybunnyisatroll"]
[Result "0-1"]
[WhiteElo "2690"]
[BlackElo "2586"]

1. Nf3 d5 2. d4 Nf6 3. g3 Bf5 4. Bg2 e6 5. c4 c6 6. Nc3 h6 7. O-O Be7 8. Nd2
Nbd7 9. e4 dxe4 10. Ndxe4 Nxe4 11. Nxe4 Nf6 12. Nc3 O-O 13. Qb3 Rb8 14. d5 cxd5
15. cxd5 b5 16. Bf4 Bd6 17. Bxd6 Qxd6 18. dxe6 Bxe6 19. Rfd1 Qe5 20. Nd5 Rfe8
21. f4 Bxd5 22. Rxd5 Qe2 23. Bf1 Qe4 24. Bg2 Qe6 25. Rxb5 Rxb5 26. Qxb5 Qe3+ 27.
Kh1 Qd2 28. Rg1 Re2 29. Qb8+ Kh7 30. Qxa7 Ng4 31. h3 Nf2+ 32. Kh2 Qd5 33. Qe7
Qh5 34. Qh4 Qf3 35. g4 Ne4 36. g5 Qe3 37. Ra1 Nd6 38. Qg3 Qd2 39. Qg4 g6 40.
gxh6 Nf5 41. Rg1 Rf2 42. a4 Qb4 43. Kh1 Rxf4 44. Qd1 Ng3+ 45. Kh2 Qb8 46. Re1
Rf2 47. Qg4 Ne2+ 48. Kh1 Qe5 49. Rd1 Ng3+ 50. Kh2 Nf5+ 51. Kg1 Qe3 52. Kh2 Qb6
53. Kh1 Ne3 54. Qd4 Qxd4 55. Rxd4 Nxg2 56. Rb4 Ne3 57. b3 f5 58. a5 Ra2 59. Ra4
Rxa4 60. bxa4 Nd5 61. a6 Nc7 62. a7 Kxh6 63. a5 Kg5 0-1

[Event "AUTO-ELITE-2493"]
[Site "http://www.queenalice.com/game.php?id=1867547"]
[Date "2026.1.6"]
[Round "2"]
[White "sexybunnyisatroll"]
[Black "Sexxy_Bunny"]
[Result "1/2-1/2"]
[WhiteElo "2593"]
[BlackElo "2673"]

1. e4 e6 2. d4 d5 3. Nc3 Bb4 4. e5 c5 5. a3 Bxc3+ 6. bxc3 Ne7 7. Qg4 Qc7 8. Qxg7
Rg8 9. Qxh7 cxd4 10. Ne2 Nbc6 11. f4 dxc3 12. Nxc3 Nd4 13. Bb2 Bd7 14. O-O-O Qb6
15. Qd3 Ndf5 16. g3 Rc8 17. Rd2 Ne3 18. Qd4 Qxd4 19. Rxd4 N7f5 20. Rd2 Rh8 21.
Rg1 a6 22. Bd3 Nd4 23. Re1 Nf3 24. Rxe3 Nxd2 25. Kxd2 d4 26. Re2 dxc3+ 27. Bxc3
Rh3 28. Bb4 Bb5 29. Bxb5+ axb5 30. Ke1 f6 31. exf6 Kf7 32. Kf1 Kxf6 33. Kg2 Rh5
34. Rd2 e5 35. fxe5+ Rxe5 36. h4 Rc6 37. Bd6 Re3 38. Kh3 Rec3 39. Bb4 Rxc2 40.
Rd5 Ke6 41. Rxb5 Rc7 42. Rb6+ R2c6 43. Rb5 Rd7 44. h5 Rd5 45. Rxd5 Kxd5 46. Kg4
Ke6 47. Kg5 Rc7 48. Kg6 Rc8 49. Kg7 Rc4 50. h6 Rg4+ 51. Kf8 Rxg3 52. h7 Rh3 53.
Kg7 Rg3+ 54. Kf8 Rf3+ 55. Kg8 Rg3+ 56. Kf8 1/2-1/2